Obras completas de M. Teixeira-Gomes (Registo nº 1020)

Detalhes MARC
000 -Etiqueta do registo
Cabeçalho 01272nam0a2200337 4500
005 - Identificador da versão
Campo de controlo 20240813121823.0
010 ## - Número internacional normalizado dos livros (ISBN)
Número (ISBN) 9789722718073
021 ## - Número do Depósito Legal
Código do país PT
Número 293 213/09
100 ## - Dados gerais de processamento
Dados gerais de processamento 20151016d2009 m y0pory5003 ba
102 ## - Pais de publicação ou produção
País de publicação Portugal
101 0# - Língua de publicação
Língua do texto, banda sonora, etc. Português
215 ## - Descrição física 
Indicação específica da natureza do documento e extensão da espécie 454, [1] p
200 1# - Titulo e menção de responsabilidade
Título próprio Obras completas de M. Teixeira-Gomes
Primeira menção de responsabilidade pref. de Urbano Tavares Rodrigues
Outras menções de responsabilidade notas de Urbano Tavares Rodrigues, Helena Carvalhão Buescu e Vítor Wladimiro Ferreira
225 2# - Colecção 
Título próprio da colecção Biblioteca de autores portugueses
205 ## - Menção da edição
Menção da edição 2ª ed. rev. e aumentada
210 ## - Publicação, Distribuição, etc. 
Lugar da edição, distribuição, etc. Lisboa
Nome do editor, distribuidor, etc. Imprensa Nacional - Casa da Moeda
Lugar da edição, distribuição, etc. Portimão
Nome do editor, distribuidor, etc. Câmara Municipal
Data da publicação, distribuição, etc. 2009
300 ## - Notas gerais 
Texto da nota Edição comemorativa dos 150 anos do nascimento de Manuel Teixeira Gomes
517 1# - Outras variantes do título
Variant Title Inventário de junho
Variant Title Cartas sem moral nenhuma
Variant Title Agosto azul
606 ## - Nome comum usado como assunto
Número de registo de entrada de autoridade 0002005
Palavra de ordem Literatura portuguesa
Subdivisão de assunto Romance
Código do sistema CA
675 ## - Classificação Decimal Universal (CDU)
Notação 82.134.3-31
Edição 3ª ed.
Língua da edição por
702 #1 - Nome de autor-pessoa física (responsabilidade secundária)
Número de registo de entrada de autoridade 0002621
Palavra de ordem Buescu
Outra parte do nome não tomada para palavra de ordem Helena Carvalhão
Código de função Anotador
Número de registo de entrada de autoridade 0002622
Palavra de ordem Ferreira
Outra parte do nome não tomada para palavra de ordem Vítor Wladimiro
Código de função Anotador
Número de registo de entrada de autoridade 0002434
Palavra de ordem Rodrigues
Outra parte do nome não tomada para palavra de ordem Urbano Tavares
Datas 1923-2013
Código de função Autor da introdução / Prefaciador
700 #1 - Nome de autor-pessoa física (responsabilidade principal)
Número de registo de entrada de autoridade 0001382
Palavra de ordem Gomes
Outra parte do nome não tomada para palavra de ordem Manuel Teixeira
Datas 1860-1941
966 ## - Identificação da Biblioteca
Sigla EB2,3ENM
942 ## - Elementos de entrada adicionados (Koha)
Tipo de item no Koha Livro
Exemplares
Situação do levantamento Origin of item (home branch) (coded) Biblioteca de empréstimo Código de barras Cota Circulation type (not for loan) Tipo de documento Nota do exemplar Damaged status
  Biblioteca Escolar Eng. Nuno Mergulhão Biblioteca Escolar Eng. Nuno Mergulhão BENM1877 82LP-3 GOM   Livro Sem mensagem